00000000nam##2200000za#4500
0019.675887
003CaOODSP
00520210624225502
007cr |||||||||||
008150407|1997||||xxc|||||o    f|0| 0 eng|d
040 |aCaOODSP|beng
041 |aeng
041 |afre
043 |an-cn---
0861 |aCS93-357/1997-PDF
24502|aA national overview |h[electronic resource]
2461 |iSeries title also given on publication as : |aPopulation and dwelling counts
260 |aOttawa - Ontario : |bStatistics Canada |c1997.
500 |aHistorical census publication digitized by Statistics Canada.
590 |a12-44-Supp|b2012-12-13
69007|aCensus data|2gcpds
7102 |aStatistics Canada.
792 |tAperçu national |efre|w(CaOODSP)9.675888
85640|ahttp://publications.gc.ca|qPDF|s22.1 MB|uhttps://publications.gc.ca/collections/collection_2012/statcan/rh-hc/CS93-357-1997.pdf